El agua /
Guardado en:
| Autor Principal: | |
|---|---|
| Formato: | Libro |
| Publicado: |
Buenos Aires :
Centro Editor de Am'rica Latina,
1982
|
| Series: | Cap¡tulo, 128
|
| Materias: | |
| Etiquetas: |
Agregar Etiqueta
Sin Etiquetas, Sea el primero en etiquetar este registro!
|
| LEADER | 00565nam a22002055a 4500 | ||
|---|---|---|---|
| 001 | CEM.cems006658 | ||
| 005 | 20060214000000.0 | ||
| 008 | 130507s1982##################000#0#####d | ||
| 003 | CEMS | ||
| 082 | 0 | 4 | |a A863.4 |
| 100 | 1 | |a Wernicke, Enrique | |
| 245 | 1 | 0 | |a El agua / |
| 260 | |a Buenos Aires : |b Centro Editor de Am'rica Latina, |c 1982 | ||
| 300 | |a 87 p. | ||
| 490 | 0 | |a Cap¡tulo, 128 | |
| 653 | |a Cuento argentino-siglo 20 | ||
| 653 | |a Cuentos | ||
| 653 | |a Literatura | ||
| 653 | |a Literatura argentina | ||
| 859 | |a CEMS |b BIB. CEMS - 11 de abril |h A863.4 |i W497 |p 15864.90 |t Ej.1 | ||
